Olympia 2024 - Länder im Beachvolleyball FRAUEN - Statistiken

Allgemein
  • Dieses Quiz wurde 32 mal gespielt
    30 seit der letzten Aktualisierung
  • Das Durchschnittsergebnis liegt bei 10 aus 17
Antwortstatistiken
Nation % Korrekt
Deutschland
96%
USA
92%
Brasilien
81%
Frankreich
81%
Italien
81%
Japan
73%
Australien
69%
China
69%
Kanada
69%
Niederlande
65%
Spanien
62%
Schweiz
50%
Tschechien
27%
Ägypten
15%
Lettland
12%
Litauen
4%
Paraguay
4%
Keine übereinstimmenden Quizze gefunden
Verteilung der Resultate
Anzahl Personen mit jedem Resultat
Perzentil nach korrekt beantworteten Fragen
Ihre Resultats-Entwicklung
Sie haben dieses Quiz seit der letzten Aktualisierung nicht gespielt